00000000nas 2200000zi 4500
0019.944793
003CaOODSP
00520250218080947
006m     o  d f      
007cr cn ||||||||
008241104c20239999oncar p o    f0###a0eng|d
022 |y2817-1578
040 |aCaOODSP|beng|erda|cCaOODSP
043 |an-cn---
0861 |aFs1-116E-PDF
1101 |aCanada. |bDepartment of Fisheries and Oceans, |eauthor, |eissuing body.
24510|aFisheries and Oceans Canada ... annual progress report on accessibility ...
264 1|aOttawa, ON : |bFisheries and Oceans Canada = Pêches et océans Canada, |c[2024]-
310 |aAnnual
336 |atext|btxt|2rdacontent
337 |acomputer|bc|2rdamedia
338 |aonline resource|bcr|2rdacarrier
3621 |aBegan with: 1st (2023).
500 |aIssued also in French under title: ... rapport d'étape annuel sur l'accessibilité à Pêches et océans Canada ...
588 |aDescription based on: 1st (2023); title from PDF cover page.
588 |aLatest issue consulted: 1st (2023).
61010|aCanada. |bDepartment of Fisheries and Oceans|xPlanning|vPeriodicals.
650 0|aBarrier-free design|zCanada|xPlanning|vPeriodicals.
650 0|aPeople with disabilities|xGovernment policy|zCanada|vPeriodicals.
655 7|aPeriodicals|2lcgft
77508|t... rapport d'étape annuel sur l'accessibilité à Pêches et océans Canada ...|w(CaOODSP)9.944792